000 00434nam a22001697a 4500
003 OSt
005 20231106154130.0
008 180808b xxu||||| |||| 00| 0 eng d
020 _a025972
040 _cKABU
050 _aG155.5 .S87 2002
245 _aSustainable Tourism :
_bA Global Perspective/
_cEdited by Rob Harris,
260 _aBoston
_bButterworth
300 _axvii, 311p.
650 _aEcotourism
942 _2lcc
_cBK
999 _c17117
_d17117